Slavia Prague players since 2000 - Statistics

General Stats
  • This quiz has been taken 10 times
  • The average score is 95 of 337
Answer Stats
Ranking Player Positions Nationality Matches Goals Assists Periods % Correct
52 Christos Zafeiris CM 75 8 10 2022-2025
100%
44 David Doudera RM 89 8 13 2022-2025
100%
51 David Zima CB 80 1 1 2019-2021, 2023-2025
100%
311 Jakub Markovic GK 2 0 0 2019-2020, 2024-2025
100%
3 Jan Boril CB 214 10 21 2015-2025
100%
2 Milan Skoda ST 223 80 36 2011-2020
100%
8 Ondrej Kolar GK 179 1 1 2017-2024
100%
9 Oscar CM 160 7 13 2019-2025
100%
12 Peter Olayinka LW 148 43 23 2018-2023
100%
15 Stanislav Tecl ST 146 31 21 2009-2010, 2016-2024
100%
10 Tomas Holes CB 156 13 15 2019-2025
100%
220 David Moses CM 10 1 0 2024-2025
83%
39 Ivan Schranz RW 100 23 14 2021-2025
83%
75 Jan Kuchta ST 59 29 13 2015-2016, 2020-2022
83%
167 Jindrich Stanek GK 20 0 0 2023-2025
83%
11 Lukas Masopust RM 156 15 27 2018-2025
83%
13 Lukas Provod AM 147 19 31 2019-2025
83%
29 Simon Deli CB 119 3 6 2014-2018, 2020-2021
83%
109 Tomas Chory ST 35 15 4 2024-2025
83%
110 Abdallah Sima LW 35 15 6 2020-2022
67%
102 David Jurásek LB 38 2 9 2021-2023
67%
271 Divine Teah CM 5 0 0 2024-2025
67%
98 El Hadji Malick Diouf LM 39 8 4 2023-2025
67%
168 Ewerton LW 20 2 1 2022-2023
67%
249 Gino van Kessel RW 7 2 0 2016-2017
67%
19 Ibrahim Traoré CM 132 11 9 2018-2023
67%
62 Igoh Ogbu CB 67 5 0 2022-2025
67%
6 Martin Latka CB 184 13 8 2003-2008, 2011-2012, 2014-2016
67%
37 Martin Vaniak GK 107 0 0 2007-2011
67%
63 Matej Jurasek RW 67 13 8 2020-2021, 2022-2025
67%
45 Michael Ngadeu CB 88 9 4 2016-2019
67%
56 Miroslav Stoch LW 71 18 16 2017-2019
67%
41 Nicolae Stanciu AM 93 22 23 2019-2022
67%
7 Stanislav Vlcek RW 183 48 28 2004-2007, 2009-2013
67%
187 Stepan Chaloupek CB 16 0 0 2024-2025
67%
54 Tomas Necid ST 74 20 3 2006-2008, 2013-2014, 2017-2018
67%
20 Tomáš Souček DM 131 32 13 2015-2020
67%
125 Tomas Vlcek CB 29 0 1 2023-2025
67%
232 Vasil Kusej LW 9 4 0 2024-2025
67%
57 Vladimír Coufal RB 70 7 8 2018-2021
67%
175 Yira Sor LW 19 6 2 2021-2023
67%
72 Ales Mandous GK 61 0 0 2021-2025
50%
77 Alexander Bah RB 58 6 16 2020-2022
50%
159 Alex Král CM 21 1 1 2018-2020
50%
251 Andres Dumitrescu LB 7 0 0 2023-2024
50%
140 Antonín Kinský GK 25 0 0 2024-2025
50%
137 Danny AM 25 2 2 2017-2018
50%
131 David Hovorka CB 27 0 2 2019-2022
50%
134 Eduard Sobol LB 26 1 2 2017-2018
50%
173 Jan Lastuvka GK 19 0 0 2017-2018
50%
142 Jaroslav Zelený CB 24 0 1 2018-2020
50%
107 Jiri Pavlenka GK 36 0 1 2015-2017
50%
21 Josef Husbauer CM 131 24 32 2015-2020
50%
282 Lukas Vorlicky LW 4 0 1 2024-2025
50%
18 Marek Suchy CB 138 1 3 2004-2010
50%
35 Michal Frydrych CB 108 9 6 2015-2020
50%
28 Mick van Buren ST 119 20 8 2016-2024
50%
312 Mohamed Tijani CB 2 0 0 2019-2020
50%
60 Mojmír Chytil ST 68 27 6 2023-2025
50%
162 Moses Usor RW 20 4 1 2022-2023
50%
138 Muhamed Tijani ST 25 3 2 2023-2024
50%
86 Muris Mesanovic ST 47 16 6 2015-2019
50%
30 Ondrej Kudela CB 119 12 1 2017-2022
50%
126 Ondrej Zmrzly LB 28 2 1 2023-2025
50%
243 Premysl Kovar GK 8 0 0 2017-2022
50%
123 Srdjan Plavsic LM 29 0 2 2021-2022
50%
71 Taras Kacharaba CB 62 2 0 2020-2024
50%
120 Vladimir Smicer AM 30 5 1 2007-2010
50%
145 Yusuf ST 24 2 1 2019-2021
50%
79 Aiham Ousou CB 56 2 3 2021-2024
33%
100 Conrad Wallem RM 39 6 8 2023-2025
33%
47 David Kalivoda RW 83 12 11 2000-2008
33%
260 David Pech RM 6 0 0 2022-2023
33%
183 Dominik Pech AM 16 1 1 2024-2025
33%
34 Dusan Svento LM 110 6 22 2005-2008, 2016-2018
33%
234 Giannis-Fivos Botos AM 9 1 0 2024-2025
33%
48 Jakub Hromada DM 82 2 1 2017-2018, 2020-2024
33%
323 Jan Stejskal GK 1 0 0 2020-2021
33%
84 Jan Sykora LW 47 5 12 2016-2019
33%
4 Jaromir Zmrhal LM 203 28 30 2012-2020
33%
309 Jiri Sodoma ST 2 0 0 2013-2014
33%
65 Karol Kisel CM 66 19 12 2010-2011, 2012-2014
33%
193 Mads Emil Madsen CM 14 0 3 2021-2022
33%
68 Martin Dostal RB 63 0 1 2010-2016
33%
298 Matyas Vagner GK 3 0 0 2020-2021
33%
270 Mikulas Konecny CB 5 0 0 2024-2025
33%
24 Ondrej Lingr AM 129 32 7 2020-2025
33%
250 Patrik Hellebrand AM 7 0 0 2019-2020
33%
199 Per-Egil Flo CB 13 0 1 2016-2018
33%
121 Petar Musa ST 30 7 0 2019-2022
33%
31 Petr Sevcik CM 118 7 25 2018-2025
33%
306 Robert Vagner ST 2 0 0 2000-2001
33%
180 Ubong Ekpai RW 18 1 1 2021-2022
33%
76 Vaclav Jurecka ST 58 26 9 2022-2025
33%
108 Adam Hlousek LB 36 4 5 2009-2012
17%
33 Adam Petrous CB 110 11 1 2000-2004
17%
337 Adam Pudil RW 1 0 0 2021-2022
17%
55 Ádauto ST 72 17 11 2002-2006
17%
148 Aldo Baez DM 23 0 3 2014-2015
17%
291 Aleksander Seliga GK 3 0 0 2005-2006
17%
239 Ales Besta ST 8 0 0 2008-2009
17%
222 Ales Urbanek LB 10 0 0 2006-2007
17%
144 Alexandru Băluță RW 24 2 2 2018-2020
17%
300 Amadou Cissé DM 3 0 0 2008-2009
17%
307 Anssi Jaakkola GK 2 0 0 2010-2011
17%
147 Ante Aracic CB 23 0 0 2005-2007
17%
112 Antonín Barák AM 34 8 5 2015-2017
17%
244 Bassirou Dembélé DM 8 0 0 2010-2012
17%
202 Bekim Balaj ST 13 3 1 2014-2015
17%
146 Benjamin Vomacka CB 24 0 0 2009-2011
17%
273 Bolu Ogungbayi ST 4 0 0 2023-2024
17%
261 Borek Dockal AM 6 1 1 2006-2007
17%
279 Cesáreo Victorino AM 4 0 0 2005-2006
17%
174 Christ Tiehi DM 19 1 0 2022-2023
17%
257 Dame Diop ST 6 1 1 2014-2016
17%
149 Damien Boudjemaa RW 22 1 5 2013-2015
17%
181 Daniel Fila ST 18 1 2 2021-2022, 2024-2025
17%
124 Daniel Pudil LB 29 7 4 2007-2008
17%
139 Daniel Samek CM 25 3 3 2020-2022
17%
315 Daniel Smiga ST 2 0 0 2021-2023
17%
326 Daniel Tchur LB 1 0 0 2000-2001
17%
263 Daniel Vesely LM 5 1 0 2011-2012
17%
128 Darko Suskavcevic CB 28 2 0 2000-2002
17%
1 David Hubacek LB 226 2 2 2005-2013
17%
136 David Skutka ST 26 3 1 2012-2014
17%
229 David Strihavka ST 9 2 0 2007-2008
17%
240 Deniss Romanovs GK 8 0 0 2008-2010
17%
296 Denis Visinsky AM 3 0 0 2020-2021
17%
218 Dusan Vasiljevic AM 11 0 0 2009-2010
17%
201 Eduardo CB 13 0 0 2022-2023
17%
66 Erich Brabec CB 65 2 2 2007-2009
17%
176 Fernando Neves LB 18 0 1 2013-2014
17%
304 Filip Duranski CM 2 0 0 2009-2010, 2011-2012
17%
285 Filip Herda LB 4 0 0 2001-2002
17%
317 Filip Horsky RW 2 0 0 2021-2022
17%
186 Filip Prebsl DM 16 1 1 2024-2025
17%
228 Filip Stiburek DF 9 1 0 2001-2002, 2004-2005
17%
135 Frantisek Drizdal RB 26 1 4 2007-2009
17%
301 Gianluca Litteri ST 3 1 0 2008-2009
17%
161 Goce Toleski ST 21 6 3 2007-2009
17%
141 Goran Sankovic CM 24 0 0 2000-2002
17%
319 Guy Eschmann ST 1 0 0 2013-2014
17%
210 György Józsi CM 12 0 1 2003-2004
17%
238 Halil Altıntop AM 8 1 0 2017-2018
17%
97 Hocine Ragued DM 40 0 1 2009-2011
17%
278 Ivan Kovac MF 4 0 0 2005-2006
17%
207 Ivo Svoboda MF 12 1 1 2001-2002
17%
264 Ivo Taborsky LW 5 0 0 2001-2002, 2004-2005, 2006-2007
17%
118 Ivo Ulich CM 31 5 8 2000-2001
17%
275 Jakub Chleboun CB 4 0 0 2004-2005
17%
328 Jakub Divis GK 1 0 0 2008-2009
17%
115 Jakub Hora CM 32 2 2 2010-2011, 2019-2020
17%
292 Jakub Hottek LB 3 0 0 2002-2003
17%
111 Jakub Jugas CB 34 1 1 2017-2018
17%
332 Jakub Kristan DM 1 0 0 2020-2021
17%
252 Jakub Petr ST 7 0 0 2014-2015
17%
290 Jakub Sudek LB 3 0 0 2011-2012
17%
272 James Dens RB 4 1 0 2009-2010
17%
160 Jan Blazek ST 21 3 1 2007-2008, 2011-2012
17%
246 Jan Hanus GK 7 0 0 2009-2010, 2011-2012
17%
203 Jan Hosek CB 12 0 0 2008-2010
17%
335 Jan Kovarik LM 1 0 0 2008-2009
17%
182 Jan Kozak AM 17 0 0 2000-2002
17%
241 Jan Kysela RB 8 0 0 2009-2010
17%
217 Jan Matousek AM 11 1 0 2018-2019
17%
96 Jan Mikula CB 40 1 1 2014-2017
17%
321 Jan Pazler ST 1 0 0 2010-2011
17%
223 Jan Stohanzl CM 10 0 1 2015-2016
17%
163 Jan Suchoparek DF 20 0 0 2000-2003
17%
215 Jan Vorel CB 11 0 0 2006-2007
17%
122 Jan Vosahlik RW 30 4 4 2012-2014
17%
237 Jan Zakostelsky CB 8 1 0 2009-2012
17%
58 Jaroslav Cerny LM 69 9 10 2007-2011
17%
166 Jaroslav Mihalik LW 20 2 6 2015-2017
17%
305 Jaroslav Stary LB 2 0 0 2009-2010
17%
178 Jasmin Scuk DM 18 0 1 2016-2018
17%
286 Jéfferson Luis ST 3 0 0 2003-2004
17%
61 Jiri Bilek CB 67 7 2 2014-2018
17%
235 Jiri Böhm ST 9 0 0 2011-2012
17%
208 Jiri Koubsky CB 12 2 0 2010-2011
17%
191 Jiri Lerch RB 14 0 0 2000-2001
17%
179 Jiri Rychlik DF 18 0 0 2004-2005
17%
172 Jiri Skala DM 19 1 0 2000-2001
17%
230 Jiri Studik CB 9 0 0 2004-2007
17%
322 Jiri Vondracek ST 1 0 0 2011-2012
17%
267 Josef Bazal RM 5 0 0 2015-2016
17%
154 Josef Kaufman RB 21 2 0 2009-2012
17%
324 Joseph Mensah RW 1 0 0 2013-2014
17%
81 Kamil Contofalsky GK 53 0 0 2011-2014
17%
184 Karel Hrubes GK 16 0 1 2013-2015
17%
95 Karel Kratochvil CB 41 0 0 2003-2007
17%
5 Karel Piták CM 194 39 36 2001-2005, 2013-2016
17%
169 Karel Rada CB 20 1 0 2000-2001
17%
274 Keegan Ritchie LB 4 0 0 2013-2014
17%
255 Kevin Lafrance CB 6 0 0 2009-2010
17%
213 Krisztián Tamás LB 11 0 2 2014-2015
17%
158 Laco Takacs DM 21 2 0 2019-2022
17%
82 Ladislav Volesak AM 49 4 4 2007-2010
17%
119 Levan Kenia AM 31 3 3 2014-2017
17%
325 Libor Holik RB 1 0 0 2015-2016
17%
253 Libor Koller RB 7 0 0 2000-2001
17%
320 Libor Tafat ST 1 0 0 2009-2010
17%
308 Lubomir Reiter ST 2 0 0 2006-2007
17%
150 Lubos Kozel CB 22 0 0 2000-2002
17%
204 Lubos Tusjak LB 12 0 1 2011-2013
17%
78 Ludek Zelenka ST 56 14 5 2000-2002
17%
16 Lukas Dosek RB 145 6 5 2000-2005
17%
259 Lukas Fialka CB 6 0 0 2014-2015
17%
23 Lukas Jarolim CM 129 17 15 2005-2006, 2010-2013
17%
310 Lukas Nachtman LB 2 0 0 2003-2004
17%
265 Lukas Pokorny CB 5 0 0 2017-2019
17%
327 Lukas Vacha DM 1 0 0 2006-2007
17%
236 Lukas Zeleznik ST 9 0 1 2015-2017
17%
73 Lumir Sedlacek LB 60 6 12 2000-2001, 2004-2005
17%
212 Maksym Taloverov CB 12 0 1 2021-2022
17%
92 Marcel Gecov CM 43 3 1 2012-2015
17%
192 Marcel Licka CM 14 0 1 2000-2002
17%
214 Marek Cervenka ST 11 1 0 2012-2016
17%
299 Marek Icha DM 3 1 2 2022-2023
17%
90 Marek Jarolim AM 45 7 7 2007-2010
17%
190 Marek Kodr CB 15 0 0 2014-2015
17%
195 Mario Lička CM 13 0 0 2013-2014
17%
205 Martin Abraham DM 12 2 0 2007-2008
17%
87 Martin Berkovec GK 46 0 2 2011-2012, 2014-2017
17%
277 Martin Cernoch RW 4 0 0 2005-2006
17%
116 Martin Dobrotka CB 32 2 0 2012-2015
17%
206 Martin Fenin ST 12 0 0 2012-2014
17%
133 Martin Hurka LM 26 3 2 2009-2010, 2011-2014
17%
153 Martin Hysky CB 21 0 0 2000-2002
17%
64 Martin Juhar LM 67 9 7 2012-2015
17%
151 Martin Lukes AM 22 1 1 2003-2004
17%
40 Martin Müller CB 94 2 1 2000-2004
17%
288 Martin Voracek ST 3 0 0 2011-2012
17%
330 Martin Zacharias DF 1 0 0 2003-2004
17%
117 Martin Zboncak LB 32 4 2 2004-2006
17%
14 Matej Krajcik RB 146 6 21 2002-2003, 2005-2010
17%
256 Matej Paprciak FW 6 0 0 2011-2012
17%
189 Matej Rakovan GK 15 0 0 2012-2015
17%
329 Matej Valenta CM 1 0 0 2018-2019
17%
333 Matous Nikl DM 1 0 0 2022-2023
17%
105 Matus Conka LB 37 1 4 2011-2014
17%
67 Matus Kozacik GK 65 0 0 2003-2007
17%
177 Michael Krmencik ST 18 4 5 2021-2022
17%
194 Michael Lüftner CB 14 0 1 2016-2017
17%
262 Michal Beran AM 6 0 0 2020-2021
17%
313 Michal Otocka ST 2 0 0 2003-2004
17%
209 Michal Smejkal CB 12 2 0 2013-2014
17%
42 Michal Svec CB 93 2 0 2003-2007, 2014-2016
17%
127 Michal Tomic RB 28 2 0 2023-2025
17%
157 Michal Vaclavik GK 21 0 0 2001-2003
17%
101 Michal Vorel GK 38 0 0 2005-2008
17%
284 Michel Costa CM 4 1 0 2006-2007
17%
85 Mickaël Tavares DM 47 3 3 2007-2009
17%
164 Milan Bortel CB 20 1 1 2012-2014
17%
46 Milan Cerny LM 84 4 9 2004-2005, 2008-2010, 2014-2016
17%
89 Milan Ivana RM 45 5 5 2007-2009
17%
231 Milan Kopic CB 9 0 0 2009-2010
17%
49 Milan Nitrianský RB 82 4 10 2011-2015
17%
156 Milan Zacharias CB 21 1 0 2003-2004
17%
185 Miljan Vukadinovic LW 16 2 2 2015-2016
17%
318 Milos Pudil RM 2 0 0 2021-2022
17%
225 Mirko Ivanovski ST 10 3 0 2009-2010
17%
93 Miroslav Holenak CB 42 3 0 2004-2006
17%
88 Ondrej Celustka CB 46 3 1 2009-2011
17%
247 Ondrej Karafiat CB 7 0 0 2020-2021
17%
254 Ondrej Kricfalusi CB 7 0 0 2022-2023
17%
336 Ondrej Kristofik AM 1 0 0 2000-2001
17%
70 Ondrej Petrak DM 62 2 4 2010-2014
17%
280 Ondrej Sourek CB 4 1 0 2007-2008
17%
302 Ondrej Vanek CM 2 0 0 2009-2010
17%
38 Patrik Gedeon DM 105 8 8 2001-2006
17%
295 Paul Munster ST 3 0 0 2004-2005
17%
269 Pavel Bucha CM 5 0 0 2017-2018
17%
294 Pavel Elias DM 3 0 0 2005-2006
17%
36 Pavel Fort ST 108 29 9 2003-2006, 2008-2009
17%
27 Pavel Kuka ST 123 36 12 2000-2005
17%
245 Pavel Novotny LB 7 1 0 2001-2003
17%
221 Pavel Vyhnal ST 10 0 0 2010-2011, 2013-2014
17%
104 Peter Grajciar AM 38 6 5 2008-2011
17%
258 Petr Hronek CM 6 0 1 2022-2023
17%
25 Petr Janda CM 129 10 5 2005-2012
17%
289 Petr Kolarik CB 3 0 0 2013-2014
17%
303 Petr Mares LB 2 0 0 2009-2010
17%
80 Petr Svancara ST 54 4 2 2000-2002
17%
106 Petr Trapp DM 36 4 0 2008-2011
17%
293 Petr Vladyka MF 3 0 0 2000-2001
17%
197 Petr Zabojnik CB 13 0 0 2005-2006
17%
43 Radek Bejbl DM 91 3 3 2002-2005
17%
17 Radek Cerny GK 142 0 0 2000-2004, 2013-2014
17%
130 Radek Dosoudil CB 27 0 0 2005-2007
17%
297 Radek Slama MF 3 0 0 2002-2003
17%
188 Radek Voltr ST 15 1 1 2015-2016
17%
196 Radim Necas ST 13 1 0 2000-2001
17%
268 Radim Necas FW 5 0 1 2006-2007
17%
32 Richard Dostalek CM 116 20 16 2000-2004
17%
171 Riste Naumov ST 19 4 2 2009-2010
17%
129 Robert Cicman CB 28 0 0 2011-2013
17%
94 Robert Hruby CM 41 1 5 2013-2016
17%
99 Rogério Gaúcho ST 39 7 2 2005-2008
17%
266 Ronald Siklic LB 5 0 0 2008-2009
17%
69 Rudi Skacel LM 63 17 6 2001-2003, 2009-2010, 2012-2013
17%
170 Ruslan Mingazov LW 19 3 3 2016-2018
17%
227 Ruslan Rotan CM 9 0 1 2017-2018
17%
334 Samuel Pikolon ST 1 0 0 2023-2024
17%
281 Sheriff Sinyan CB 4 0 0 2023-2024
17%
200 Simion Michez RM 13 1 0 2024-2025
17%
283 Stefan Senecky GK 4 0 0 2009-2010
17%
74 Stepan Kores LM 59 6 6 2009-2014
17%
91 Stepan Vachousek LM 45 15 6 2001-2003
17%
219 Theodor Gebre Selassie RB 11 0 1 2007-2009
17%
50 Tijani Belaid AM 81 17 11 2007-2011
17%
22 Tomas Dosek ST 129 34 16 2000-2004
17%
242 Tomas Frejlach AM 8 0 1 2011-2013
17%
211 Tomas Hasler FW 12 1 0 2002-2004
17%
26 Tomas Hrdlicka DF 124 12 4 2001-2007
17%
103 Tomas Jablonsky LB 38 0 4 2006-2008, 2015-2016
17%
331 Tomas Jirasek MF 1 0 0 2002-2003
17%
276 Tomas Kucera FW 4 0 0 2002-2003
17%
53 Tomas Kuchar AM 74 9 8 2000-2003
17%
248 Tomas Malinsky RM 7 0 0 2020-2021
17%
132 Tomas Micola AM 27 7 2 2012-2014
17%
198 Tomas Pekhart ST 13 2 0 2008-2009
17%
155 Tomas Pesir ST 21 1 2 2005-2006
17%
316 Tomas Rigo CM 2 0 0 2020-2021
17%
226 Tomas Silhavy CB 9 0 0 2001-2003
17%
165 Vaclav Kolousek MF 20 6 4 2003-2005
17%
143 Vaclav Prosek RM 24 0 1 2010-2011, 2013-2015
17%
287 Viktor Simecek CM 3 0 0 2012-2014
17%
83 Vitaliy Trubilo LB 49 3 8 2009-2012
17%
314 Vladimír Bálek ST 2 0 0 2004-2005
17%
224 Vojtech Stepan RM 10 0 0 2013-2014
17%
152 Vukadin Vukadinovic RW 22 1 5 2014-2015
17%
113 Zbynek Pospech ST 34 13 3 2010-2012
17%
59 Zdenek Senkerik RW 68 11 4 2007-2010
17%
233 Zdenek Zlamal GK 9 0 0 2010-2011
17%
216 Zoltán Hercegfalvi ST 11 0 0 2005-2006
17%
114 Zoran Milutinovic CM 34 1 1 2010-2012
17%
No matching quizzes found
Score Distribution
Percent of People with Each Score
Percentile by Number Answered
Your Score History
You have not taken this quiz